La Política del interés: el lobby y el estudio de la influencia política /

Saved in:
Bibliographic Details
Main Author: Pantoja Murillo, Carlos German
Format: Text
Subjects:
Tags: Add Tag
No Tags, Be the first to tag this record!

MARC

LEADER 00000 a a2200000 04500
001 16860
003
040
100 |a Pantoja Murillo, Carlos German  
245 |a La Política del interés:   |b el lobby y el estudio de la influencia política /  |c Carlos German Pantoja Murillo 
650 |a PARLAMENTO  
650 |a PODER LEGISLATIVO  
650 |a GRUPOS DE INTERESES  
650 |a PLURALISMO POLITICO  
650 |a DERECHO  
650 |a ESTADOS UNIDOS  
773 |g volumen 13, número 1; páginas 229-258  
999 |c 33903  |d 33903